[Event "Agneaux St Lo IM"]
[Site "Agneaux"]
[Date "2007.07.12"]
[Round "6"]
[White "Butunoi, Alexandru Victor"]
[Black "Moussard, Jules"]
[Result "1-0"]
[WhiteElo "2374"]
[BlackElo "2239"]
[PlyCount "127"]
[EventDate "2007.07.07"]
[EventType "tourn"]
[EventRounds "9"]
[EventCountry "FRA"]
[EventCategory "3"]
[SourceTitle "EXT 2008"]
[Source "ChessBase"]
[SourceDate "2007.11.25"]
[SourceVersion "1"]
[SourceVersionDate "2007.11.25"]
[SourceQuality "1"]

1. e4 c5 2. Nf3 d6 3. d4 cxd4 4. Nxd4 Nf6 5. Nc3 a6 6. g3 e5 7. Nde2 Be7 8. Bg2 0-0 9. 0-0 Nc6 10. h3 b5 11. a4 b4 12. Nd5 Nxd5 13. exd5 Na5 14. b3 Bf5 15. Bd2 Rc8 16. Rc1 Qb6 17. g4 Bg6 18. Ng3 Qd4 19. Nf5 Bxf5 20. gxf5 Rc7 21. Qe1 Rfc8 22. Bxb4 Nb7 23. c4 Nc5 24. Bxc5 Rxc5 25. Be4 Bg5 26. Rd1 Qb2 27. Rb1 Qd4 28. Qe2 Qd2 29. Bd3 a5 30. Qe4 h6 31. Rfd1 Qc3 32. h4 Bf6 33. Rdc1 Qb4 34. Kg2 Kf8 35. Re1 R8c7 36. Bc2 Rb7 37. Re3 Re7 38. Rbe1 Rcc7 39. R1e2 Qc5 40. Kh3 Rb7 41. Qd3 Qc8 42. Qd2 Qc5 43. Re4 Ra7 44. Qe3 Qxe3+ 45. R4xe3 Rec7 46. Kg4 Rab7 47. Re4 Rb6 48. f4 Ke7 49. fxe5 Bxe5 50. Rxe5+ dxe5 51. Rxe5+ Kd6 52. Kf4 Kc5 53. d6+ Kxd6 54. Rxa5 Rc5 55. Ra7 Rc7 56. Ra5 Rc5 57. Ra8 Rc7 58. a5 Rbb7 59. a6 Ra7 60. Be4 Kc5 61. Rxa7 Rxa7 62. Bb7 Kd4 63. h5 f6 64. Kf3 1-0

[Event "Agneaux St Lo IM"]
[Site "Agneaux"]
[Date "2007.07.10"]
[Round "4"]
[White "Butunoi, Alexandru Victor"]
[Black "Pucher, Olivier"]
[Result "1/2-1/2"]
[WhiteElo "2374"]
[BlackElo "2294"]
[PlyCount "50"]
[EventDate "2007.07.07"]
[EventType "tourn"]
[EventRounds "9"]
[EventCountry "FRA"]
[EventCategory "3"]
[SourceTitle "EXT 2008"]
[Source "ChessBase"]
[SourceDate "2007.11.25"]
[SourceVersion "1"]
[SourceVersionDate "2007.11.25"]
[SourceQuality "1"]

1. e4 c5 2. Nc3 Nc6 3. f4 g6 4. Nf3 Bg7 5. Bc4 e6 6. 0-0 Nge7 7. d3 d5 8. Bb3 0-0 9. Qe1 Na5 10. Bd2 Nxb3 11. axb3 Nc6 12. Qg3 Nd4 13. Nxd4 cxd4 14. Ne2 dxe4 15. dxe4 Bd7 16. Rfd1 Qb6 17. Qf2 e5 18. fxe5 Bg4 19. Re1 Bxe2 20. Rxe2 Bxe5 21. Kh1 Bg7 22. Rd1 Rfe8 23. Bf4 Rad8 24. h3 Qb5 25. Rd3 Rd7 1/2-1/2

[Event "Felix Cup 22nd"]
[Site "Felix Spa"]
[Date "2007.05.31"]
[Round "9"]
[White "Butunoi, Alexandru Victor"]
[Black "Hajbok, Robert"]
[Result "1-0"]
[WhiteElo "2420"]
[BlackElo "2094"]
[PlyCount "161"]
[EventDate "2007.05.25"]
[EventType "swiss"]
[EventRounds "9"]
[EventCountry "ROU"]
[SourceTitle "CBM 118 Extra"]
[Source "ChessBase"]
[SourceDate "2007.07.04"]
[SourceVersion "1"]
[SourceVersionDate "2007.07.04"]
[SourceQuality "1"]

1. e4 c6 2. d4 d5 3. e5 g6 4. Nc3 Bg7 5. Bd3 f6 6. f4 Nh6 7. Nce2 fxe5 8. dxe5 Qb6 9. h3 Nf5 10. Nf3 0-0 11. c3 Ne3 12. Bxe3 Qxe3 13. Qd2 Qxd2+ 14. Kxd2 c5 15. c4 e6 16. g3 b6 17. Rh2 Nc6 18. Rc1 Nb4 19. Bb1 dxc4 20. Rxc4 Bb7 21. Ng5 Bd5 22. Rc3 h6 23. Nf3 Nxa2 24. Ra3 Nb4 25. Bxg6 Bxf3 26. Rxf3 Bxe5 27. Nc3 Rad8+ 28. Kc1 Kg7 29. Bb1 Bd4 30. Re2 e5 31. f5 Nd5 32. h4 Nf6 33. Ne4 a5 34. g4 Nxe4 35. Bxe4 Kf6 36. Rg2 Rg8 37. Kc2 Rg7 38. Rfg3 Rdg8 39. Bd5 Rd8 40. Be6 Rh7 41. g5+ hxg5 42. hxg5+ Ke7 43. Bc4 e4 44. f6+ Bxf6 45. gxf6+ Kxf6 46. Rg6+ Ke5 47. Rxb6 Rdh8 48. Kb3 Rh3+ 49. Ka4 Rh2 50. Rxh2 Rxh2 51. Kxa5 Kd4 52. b3 e3 53. Rd6+ Ke4 54. Kb5 Rh5 55. Kc6 Re5 56. Bd3+ Kf4 57. Rd5 Re8 58. Rf5+ Kg4 59. Rxc5 Rb8 60. Bc4 Kf4 61. Rb5 Rc8+ 62. Kd7 Rh8 63. b4 Ke4 64. Rg5 Rh4 65. b5 Kd4 66. Be2 Rh2 67. Bh5 Rb2 68. Kc7 e2 69. Bxe2 Rxe2 70. b6 Re7+ 71. Kd6 Rh7 72. Rg4+ Kc3 73. Kc5 Rh5+ 74. Kc6 Rh6+ 75. Kb5 Rh7 76. Ka6 Rh1 77. b7 Rb1 78. Ka7 Ra1+ 79. Kb8 Kd3 80. Rg7 Rh1 81. Kc8 1-0

[Event "Felix Cup 22nd"]
[Site "Felix Spa"]
[Date "2007.05.29"]
[Round "7"]
[White "Butunoi, Alexandru Victor"]
[Black "Bucur, Sorin"]
[Result "1-0"]
[WhiteElo "2420"]
[BlackElo "2096"]
[PlyCount "68"]
[EventDate "2007.05.25"]
[EventType "swiss"]
[EventRounds "9"]
[EventCountry "ROU"]
[SourceTitle "CBM 118 Extra"]
[Source "ChessBase"]
[SourceDate "2007.07.04"]
[SourceVersion "1"]
[SourceVersionDate "2007.07.04"]
[SourceQuality "1"]

1. e4 Nf6 2. e5 Nd5 3. d4 d6 4. Nf3 Bg4 5. Be2 e6 6. h3 Bh5 7. c4 Nb6 8. exd6 cxd6 9. Nc3 Be7 10. d5 e5 11. g4 Bg6 12. h4 f6 13. h5 Bf7 14. Nh4 Na6 15. Nf5 Rg8 16. Be3 Rc8 17. Ne4 Kf8 18. Rc1 Qd7 19. b3 Nc5 20. Nxc5 dxc5 21. Bd3 h6 22. Qf3 Bd6 23. b4 Na4 24. Bc2 Be7 25. Nxe7 Kxe7 26. Bf5 Qd6 27. Qd1 b5 28. cxb5 Qxd5 29. 0-0 Qxd1 30. Rfxd1 Rcd8 31. bxc5 Rxd1+ 32. Rxd1 Bxa2 33. c6 Nb6 34. Bc5+ Kf7 1-0

[Event "Felix Cup 22nd"]
[Site "Felix Spa"]
[Date "2007.05.28"]
[Round "6"]
[White "Bonte, Andrei Mihai"]
[Black "Butunoi, Alexandru Victor"]
[Result "1-0"]
[WhiteElo "2305"]
[BlackElo "2420"]
[PlyCount "67"]
[EventDate "2007.05.25"]
[EventType "swiss"]
[EventRounds "9"]
[EventCountry "ROU"]
[SourceTitle "CBM 118 Extra"]
[Source "ChessBase"]
[SourceDate "2007.07.04"]
[SourceVersion "1"]
[SourceVersionDate "2007.07.04"]
[SourceQuality "1"]

1. d4 Nf6 2. c4 g6 3. Nc3 Bg7 4. e4 d6 5. Nf3 0-0 6. Be2 a5 7. 0-0 Na6 8. Bf4 Nd7 9. Re1 e5 10. Bg5 Qe8 11. Bf1 h6 12. Bh4 Nb6 13. h3 Be6 14. Nd5 Bxd5 15. cxd5 exd4 16. Nxd4 Qe5 17. Nb5 f5 18. exf5 Qxf5 19. Re7 Bf6 20. Bd3 Qc8 21. Bxf6 Rxf6 22. Qd2 Qf8 23. Rae1 Rc8 24. Qe3 Nxd5 25. Bc4 c6 26. Bxd5+ cxd5 27. Qd4 Nb4 28. Nc7 Rf4 29. Qd2 Qf5 30. g3 Re4 31. R1xe4 Rxc7 32. Rxc7 dxe4 33. Qxh6 Qf6 34. Qh7+ 1-0

[Event "Felix Cup 22nd"]
[Site "Felix Spa"]
[Date "2007.05.27"]
[Round "4"]
[White "Bulmaga, Irina"]
[Black "Butunoi, Alexandru Victor"]
[Result "0-1"]
[WhiteElo "2149"]
[BlackElo "2420"]
[PlyCount "162"]
[EventDate "2007.05.25"]
[EventType "swiss"]
[EventRounds "9"]
[EventCountry "ROU"]
[SourceTitle "CBM 118 Extra"]
[Source "ChessBase"]
[SourceDate "2007.07.04"]
[SourceVersion "1"]
[SourceVersionDate "2007.07.04"]
[SourceQuality "1"]

1. e4 g6 2. d4 Bg7 3. Nc3 c6 4. h3 d6 5. f4 b5 6. a3 Bb7 7. Nf3 Nd7 8. Be3 Nb6 9. Bd3 Nf6 10. 0-0 0-0 11. Qe2 a5 12. g4 b4 13. axb4 axb4 14. Rxa8 Qxa8 15. Nd1 d5 16. e5 Ne4 17. Qe1 b3 18. cxb3 Ba6 19. Bxa6 Qxa6 20. f5 Qd3 21. Nd2 f6 22. e6 Nxd2 23. Qxd2 Qxb3 24. Qc3 Qxc3 25. bxc3 Nc4 26. Bf4 Ra8 27. Nf2 gxf5 28. gxf5 h5 29. Rb1 Ra7 30. Rb8+ Kh7 31. Rd8 Bh6 32. Bxh6 Kxh6 33. Rd7 Ra1+ 34. Kh2 Kg5 35. Rxe7 Kxf5 36. Nd3 Ra2+ 37. Kg3 h4+ 38. Kf3 Nd2+ 39. Ke3 Ne4 40. Nc5 Nxc5 41. dxc5 Ra4 42. Re8 Re4+ 43. Kd3 Rxe6 44. Rh8 Kg5 45. Rg8+ Kf4 46. Rg4+ Kf3 47. Rxh4 f5 48. Rh8 f4 49. Rd8 Re3+ 50. Kd2 Re2+ 51. Kd3 Re3+ 52. Kd2 Re2+ 53. Kd3 Ra2 54. Rd6 Ra6 55. Rf6 Kg3 56. h4 f3 57. Ke3 d4+ 58. cxd4 Ra3+ 59. Kd2 f2 60. Ke2 Ra2+ 61. Ke3 Kg2 62. Rg6+ Kf1 63. Rxc6 Ra3+ 64. Ke4 Ke2 65. Rf6 Re3+ 66. Kd5 Rf3 67. Rxf3 Kxf3 68. c6 f1Q 69. c7 Qb5+ 70. Kd6 Qb6+ 71. Kd7 Qxd4+ 72. Kc6 Qc4+ 73. Kb7 Qb5+ 74. Ka7 Qc6 75. Kb8 Qb6+ 76. Kc8 Ke4 77. Kd7 Qb5+ 78. Kd6 Qd5+ 79. Ke7 Qc6 80. Kd8 Qd6+ 81. Kc8 Kd5 0-1

[Event "Felix Cup 22nd"]
[Site "Felix Spa"]
[Date "2007.05.27"]
[Round "5"]
[White "Butunoi, Alexandru Victor"]
[Black "Berescu, Alin Mile"]
[Result "1/2-1/2"]
[WhiteElo "2420"]
[BlackElo "2514"]
[PlyCount "112"]
[EventDate "2007.05.25"]
[EventType "swiss"]
[EventRounds "9"]
[EventCountry "ROU"]
[SourceTitle "CBM 118 Extra"]
[Source "ChessBase"]
[SourceDate "2007.07.04"]
[SourceVersion "1"]
[SourceVersionDate "2007.07.04"]
[SourceQuality "1"]

1. e4 e6 2. d4 d5 3. Nc3 Bb4 4. e5 c5 5. a3 Bxc3+ 6. bxc3 Ne7 7. Qg4 0-0 8. Bd3 Nbc6 9. Nf3 f6 10. Bh6 Rf7 11. exf6 Nf5 12. Bxg7 Nxg7 13. fxg7 e5 14. Bxh7+ Kxh7 15. Ng5+ Kg8 16. Nxf7 Bxg4 17. Nxd8 Rxd8 18. dxe5 Nxe5 19. 0-0 Kxg7 20. Rae1 Kf6 21. f4 Nc4 22. f5 Rg8 23. Re6+ Kg5 24. g3 Nd2 25. h4+ Kh5 26. Rf4 Ne4 27. Re7 Kh6 28. Kh2 Nf6 29. Rxb7 Bh5 30. Rxa7 Re8 31. Ra6 Re2+ 32. Kg1 Kg7 33. g4 Bxg4 34. Rxg4+ Nxg4 35. Rg6+ Kf7 36. Rxg4 Rxc2 37. Rg3 Ra2 38. h5 Rxa3 39. h6 Ra8 40. Rg6 d4 41. c4 Re8 42. Kg2 Re5 43. h7 Re8 44. Rc6 Kg7 45. Rxc5 d3 46. Rc7+ Kh8 47. Rd7 Rc8 48. f6 d2 49. f7 Rf8 50. Rxd2 Rxf7 51. Rf2 Rxh7 52. Kf3 Rh4 53. Rc2 Kg7 54. c5 Kf6 55. c6 Rh8 56. Ke4 Ke6 1/2-1/2